| 000 | 00760nam a2200181 4500 | ||
|---|---|---|---|
| 008 | 050701s2001 nyuabf b 001 0 eng | ||
| 020 | _a0345434242 :USD4.50.00 | ||
| 090 |
_aBR128.T34 _bP18 |
||
| 100 | 1 | _aPalmer, Martin. | |
| 245 | 1 | 4 |
_aThe Jesus sutras : _brediscovering the lost scrolls of Taoist Christianity / _cMartin Palmer, in association with Eva Wong ... [et al.]. |
| 260 |
_aNew York : _bBallantine, _c2001. |
||
| 300 |
_axvi, 270 p., [8] p. of plates : _bill. (some col.), maps ; _c22 cm. |
||
| 500 | _a"A Ballantine Wellspring book"--T.p. verso. | ||
| 630 | 0 | 4 | _aDunhuang manuscripts. |
| 650 | 4 |
_aChristianity and other religions _xTaoism. |
|
| 700 | 1 |
_aWong, Eva, _d1951- |
|
| 951 |
_p28444 _x00031083 _oBR128.T34/P18 _j070613111502078 _d2000-12-21 _cGC |
||
| 999 |
_c23726 _d23726 |
||